Guess the Taylor Swift song!! - Statistics

General Stats
  • This quiz has been taken 538 times
    531 since last reset
  • The average score is 236 of 369
Answer Stats
Answer % Correct
I
99%
a
98%
you
93%
the
91%
me
88%
an
86%
we
85%
We
85%
he
84%
He
84%
And
82%
in
81%
it
81%
know
81%
where
80%
Where
80%
my
79%
On
79%
on
79%
When
78%
to
77%
Go
75%
go
75%
that
75%
Like
72%
like
72%
no
72%
so
71%
So
71%
think
70%
i'm
69%
I'm
69%
can
68%
knows
66%
its
66%
It's
66%
knows
66%
all
64%
there
64%
at
63%
am
62%
see
60%
can't
59%
got
59%
Got
59%
man
58%
his
57%
want
57%
with
57%
boy
56%
Boy
56%
down
56%
him
56%
look
56%
mine
56%
Oh
56%
up
56%
I'll
55%
one
55%
don't
52%
night
51%
under
51%
Cause
50%
every
50%
never
50%
heartbeat
48%
Wanna
47%
skipping
47%
understand
47%
wanna
47%
Wanna
47%
avenue
46%
tell
46%
boyish
45%
get
45%
He's
45%
hand
43%
mean
43%
what's
43%
plans
42%
ain't
41%
architect
41%
around
41%
drawing
41%
make
41%
or
41%
attitude
40%
good
40%
gotta
40%
understands
40%
body
39%
nobody
39%
stay
39%
better
38%
seventeen
38%
soul
38%
wont
38%
16th
37%
sidewalk
37%
gonna
36%
home
36%
Lead
36%
obsessed
36%
stop
36%
alone
35%
eyes
35%
footprints
35%
hands
35%
ones
35%
drive
34%
he'll
34%
wait
34%
Bless
33%
bless
33%
cold
33%
lock
33%
myself
33%
dark
31%
smile
31%
stick
31%
glass
30%
whisper
30%
follow
29%
thigh
29%
sparks
27%
indigo
26%
Lyrical
24%
No matching quizzes found
Score Distribution
Percent of People with Each Score
Percentile by Number Answered
Your Score History
You have not taken this quiz since the last reset